000 nam a22 a 4500
999 _c61547
_d61547
003 BLK
005 20220923163104.0
008 180408b bul|||||r ||||||| ||bul||
010 _aKNG00065749000
040 _aBLK
041 _aBUL
_cBUL
080 _aМатематически игри и развлечения. Занимателна математика. Вж и 519.6 ; 793.7 ; 794
_b51-8
_z51-8
100 1 _aГарднер, Мартин
_eпърви автор
_951346
139 _aГарднер, Мартин
_bГ 23
245 1 0 _aМатематически развлечения
_bТ. 1 - 3
_cМартин Гарднер; прев. от англ. Красимира Попова; състав. и ред. Владимир Сотиров.
_nТ. 3
257 _aUSA
260 _aСофия
_bНаука и изкуство
_c1975 - 1980
300 _c21 см
380 _a5
650 4 _aМатематика, забавна
_9251968
653 _aзабавна математика
700 1 _aПопова, Красимира
_eпрев. от англ.
_9370059
700 1 _aСотиров, Владимир
_eсъстав. и ред.
_9369256
760 1 _aГарднер, Мартин
_d1980
_h463 с. : с ил.
_nОриг. загл. Mathematical games from scientific American
_tТ. 3
852 _aЦб 75993
856 4 _qpdf
856 4 _qpdf
942 _cKNG
_n0
_04
_s1
944 _aCR
_c13.06.2004
_kНаталия_Медовщикова
944 _aED
_c2022-09-23
_kир
999 _d61547